Fußball: Vereine aus Städten mit B - Statistiken

Allgemein
  • Dieses Quiz wurde 326 mal gespielt
  • Das Durchschnittsergebnis liegt bei 12 aus 18
Antwortstatistiken
Stadt Verein(e) % Korrekt
Berlin Hertha BSC | 1. FC Union | BFC Dynamo | Tennis Borussia | Blau-Weiß 90 | Tasmania
100%
Bremen Werder
95%
Brügge Club | Cercle
92%
Bielefeld Arminia
91%
Bergamo Atalanta
89%
Belgrad Roter Stern | Partizan | OFK
87%
Bern Young Boys
82%
Brighton & Hove Albion
80%
Bilbao Athletic Club
74%
Buenos Aires River Plate | Boca Juniors | Argentinos Juniors | Defensa y Justicia | Huracán | San Lorenzo | Vélez Sarsfield
65%
Birmingham Aston Villa | City
64%
Bukarest FCSB/Steaua | Rapid | Dinamo
63%
Bratislava Slovan | Inter | Petržalka
50%
Budapest Ferencváros | MTK | Újpest | Honvéd | Vasas
46%
Bordeaux Girondins
46%
Bergen Brann
37%
Belo Horizonte Atlético Mineiro | Cruzeiro
22%
Belfast Glentoran | Cliftonville | Linfield | Crusaders
15%
Keine übereinstimmenden Quizze gefunden
Verteilung der Resultate
Anzahl Personen mit jedem Resultat
Perzentil nach korrekt beantworteten Fragen
Ihre Resultats-Entwicklung
Sie haben dieses Quiz noch nicht gespielt